000
00231nam a22000857a 4500
999
_c
10963
_d
10963
008
180702b ||||| |||| 00| 0 eng d
100
_a
Quinn Jason
_9
6765
245
_a
Gandhi (My Life is My Message)
260
_a
New Delhi
_b
Campfire
_c
2016